Statistics for Partidos of Buenos Aires

Click here to take the quiz!

General Stats

  • This quiz has been taken 2,991 times
  • The average score is 68 of 135

Answers on the Map

Answers color-coded by a green-red scale on the quiz's map according to % correct below.
 

Answer Stats

Partido% Correct
La Matanza
90%
La Plata
90%
Tigre
87%
Bahía Blanca
86%
Quilmes
85%
Avellaneda
84%
Lanús
82%
Morón
79%
San Isidro
79%
Vicente López
76%
Pila
75%
Lomas de Zamora
74%
Tandil
73%
Moreno
72%
Pinamar
72%
Berazategui
71%
Zárate
71%
Tres de Febrero
70%
Luján
69%
Azul
68%
Ezeiza
68%
La Costa
66%
San Fernando
65%
Campana
63%
Ensenada
63%
Junín
63%
Chascomús
62%
Florencio Varela
62%
General Pueyrredón
62%
Olavarría
62%
Pilar
62%
San Miguel
62%
Berisso
61%
Merlo
61%
Monte
61%
Necochea
61%
San Nicolás
61%
Cañuelas
60%
Villa Gesell
60%
Hurlingham
59%
Lobos
59%
Escobar
58%
General San Martín
58%
Almirante Brown
57%
Nueve de Julio
57%
Dolores
56%
Ituzaingó
56%
José C. Paz
56%
San Pedro
56%
General Rodríguez
55%
Patagones
55%
Malvinas Argentinas
54%
Pergamino
54%
25 de Mayo
53%
Chivilcoy
52%
Brandsen
51%
San Antonio de Areco
51%
Tres Arroyos
51%
Baradero
50%
Mercedes
50%
Monte Hermoso
50%
Presidente Perón
50%
San Vicente
50%
Balcarce
49%
Esteban Echeverría
49%
Trenque Lauquen
49%
General Belgrano
47%
Pehuajó
47%
Bolivar
46%
Bragado
46%
Punta Indio
45%
Carmen de Areco
44%
Mar Chiquita
44%
Marcos Paz
44%
Saladillo
44%
Chacabuco
43%
Coronel Suárez
43%
General Villegas
43%
Lincoln
43%
Magdalena
43%
Puan
43%
General Madariaga
42%
Lobería
42%
Ramallo
42%
Rauch
42%
Carlos Casares
41%
Castelli
41%
Las Flores
41%
Tornquist
41%
Ayacucho
40%
Coronel Pringles
40%
Exaltación de la Cruz
40%
Lezama
40%
Maipú
40%
Coronel Dorrego
39%
General Alvarado
39%
General Alvear
39%
General Las Heras
39%
Colón
38%
General Lavalle
38%
Rojas
38%
Salto
38%
Villarino
38%
Adolfo Alsina
37%
Daireaux
37%
Navarro
37%
Tapalqué
37%
Arrecifes
36%
Benito Juárez
36%
Capitán Sarmiento
36%
General La Madrid
36%
General Paz
36%
Guaminí
36%
Rivadavia
36%
Tres Lomas
36%
Alberti
35%
Carlos Tejedor
35%
General Guido
35%
San Andrés de Giles
35%
Suipacha
35%
Florentino Ameghino
34%
General Pinto
34%
Saavedra
34%
Adolfo González Chaves
33%
Coronel Rosales
33%
Pellegrini
33%
Roque Pérez
33%
Saliqueló
33%
Tordillo
33%
Hipólito Yrigoyen
32%
Leandro N. Alem
32%
San Cayetano
32%
General Arenales
31%
Laprida
31%
General Viamonte
29%

Score Distribution

Percentile by Number Answered

Percent of People with Each Score

Your Score History

You have not taken this quiz